00488 2200193 4500001002100000005001500021035002000036007000300056008004100059020002200100082000800122084001400130100001100144245003200155260003400187300001600221650002500237856003200262INLIS00000000000815720260126092935 a0010-0126000154ta260126 0 ind  a978-602-444-507-2 a614 a614 WIG m0 aWIGNYO1 aMANAJEMEN BENCANA /cWIGNYO ajakarta :bBUMI AKSARA,c2018 a394 ;c21cm 4akesehatan masyarakat aAlumni Kesehatan Masyarakat